000 00742nam a2200205 i 4500
001 67017
003 ES-MaACL
005 20231213062938.0
007 t|
008 040430s1978 sp ||||1| spa d
080 _a821.134.2 Pérez Galdos, Benito 1.06
100 1 _aYnduráin, Francisco,
_d1910-1994
_9117648
245 1 0 _aLo "cursi" en la obra de Galdós /
_cFrancisco Ynduráin.
260 _aGran Canaria :
_bCabildo Insular,
_c1978.
300 _ap. 266-282 ;
_c23 cm.
500 _aSeparata de: Actas del Segundo Congreso Internacional de Estudios Galdosianos I.
600 1 4 _aPérez Galdós, Benito,
_d1843-1920-
_xCrítica e interpretación
_990875
852 _aES-MaACL
_j2169-F-7
_bR.123582
999 _c67017
_d67017